Consumer Behaviour (Record no. 93597)

MARC details
000 -LEADER
fixed length control field 00485nam a2200181Ia 4500
005 - DATE AND TIME OF LATEST TRANSACTION
control field 20230502162511.0
008 - FIXED-LENGTH DATA ELEMENTS--GENERAL INFORMATION
fixed length control field 230125s9999 xx 000 0 und d
041 ## - LANGUAGE CODE
Language code of text/sound track or separate title eng
082 ## - DEWEY DECIMAL CLASSIFICATION NUMBER
Classification number 658.834
Item number PHA
100 ## - MAIN ENTRY--PERSONAL NAME
Author Phadtare P
245 ## - TITLE STATEMENT
Title Consumer Behaviour
260 ## - PUBLICATION, DISTRIBUTION, ETC.
Date of publication, distribution, etc. 2010
Name of publisher, distributor, etc. Symbiosis centre for distance learning
Place of publication, distribution, etc. Pune
300 ## - PHYSICAL DESCRIPTION
Extent 278p
500 ## - GENERAL NOTE
Keywords Consumer behaviour<br/>
650 ## - SUBJECT ADDED ENTRY--TOPICAL TERM
Topical term or geographic name entry element Consumer behaviour
700 ## - ADDED ENTRY--PERSONAL NAME
Personal name Phadtare P & Nandini Madan, Donor
942 ## - ADDED ENTRY ELEMENTS (KOHA)
Koha item type Books
Holdings
Withdrawn status Lost status Damaged status Not for loan Home library Current library Date acquired Vendor Net Price Full call number Barcode Date last seen Actual Price Bill Date Koha item type Original Barcode
        Smt. Hiraben Nanavati Institute of Management & Research for Women Smt. Hiraben Nanavati Institute of Management & Research for Women 16/06/2015 Donated Book- Outside Donar 1.00 658.834 PHA DB1959 HIMR-DB-1959 25/01/2023 1.00 25/01/2023 Donated Book DB1959